Január és a tündérek

Bibliographic Details
Main Author: Tóth, Elemér, 1940-2018 (Author)
Format: Article
Language:Hungarian
PhysicalDescription:Obr.
Subjects:

MARC

LEADER 00000nab a2200000 ar4500
001 vtls009003544
003 SK-MaSNL
005 20260303065556.0
008 070504c2007 xo |||||||| 000 b|hun
015 |a SNBRB2007/05  |2 snkbucl 
038 |a SNKBUCL 
040 |a DSZK  |b slo  |c DSZK  |e AACR2 
041 0 |a hun 
044 |a xo  |c SK 
080 |a 821.511.141 (437.6)-93=511.141  |2 1997 
080 |a 821.511.141 (437.6)-32(0.053.2)=511.141  |2 1997 
100 1 |a Tóth, Elemér,  |d 1940-2018  |4 aut  |9 181606 
245 1 0 |a Január és a tündérek  |c Tóth Elemér 
300 |b Obr. 
650 0 7 |a príbehové prózy, maďarské  |2 snkbucl  |9 72843 
773 0 |t Tücsök  |g Évf. 17, sz. 5 (2007), o. 4 
852 |a SNK  |b KIS3GCP 
852 |a DSZK  |b KIS3GCP 
958 |a HU 
958 |a LX 
958 |a DB 
958 |a SK 
999 |c 1751759  |d 1753689